Il desiderio e la ricerca del tutto : [romanzo] /

Saved in:
書目詳細資料
主要作者: Rolfe, Frederick William
其他作者: Oddera, Bruno
格式: 圖書
語言:意大利语
出版: Roma : Castelvecchi, 2014
叢編:Narrativa
標簽: 添加標簽
沒有標簽, 成為第一個標記此記錄!

MARC

LEADER 00000nam a22000007i 4500
001 IT\ICCU\RAV\2012038
003 ItRI
005 20251028182600.0
008 140922s2014 it |||||| ||||| |||||c
020 |a 9788868264598 
040 |b ita  |c ct 
041 7 |a ita  |2 ISO-639-2 
100 1 |a Rolfe, Frederick William  |0 IT\ICCU\VEAV\009942 
240 1 4 |a The desire and pursuit of the whole  |9 Rolfe, Frederick William 
245 1 3 |a Il desiderio e la ricerca del tutto :  |b [romanzo] /  |c Frederick Rolfe ; traduzione di Bruno Oddera. 
260 |a Roma :  |b Castelvecchi,  |c 2014 
300 |a 368 p. ;  |c 22 cm. 
700 1 |a Oddera, Bruno  |0 IT\ICCU\CFIV\007737 
830 0 |a Narrativa  |0 IT\ICCU\RAV\1535920 
942 |2 ddc  |c BK 
952 |0 0  |1 0  |2 ddc  |4 0  |6 823_912000000000000_ROL_ILD  |7 1  |9 271  |a GE  |b GE  |d 2015-11-23  |l 0  |o 823.912 ROL ILD  |p 2511  |r 2023-11-19 19:01:08  |w 2023-11-19  |y BK 
999 |c 199  |d 199